000 00821nam a22002772 4500
001 0000019847
003
005 20151217152202.0
008 110221s xx 000 0 eng d
010 _a
020 _a
_c$
040 _aKABU
_cKABU
100 1 _a
_d
245 1 0 _aRuling on admissibility of proposed motions to adopt the reports of the departmental committee on finance, planning and trade and the departmental committee on justice and legal affairs on the nomination of certain constitutional office holders :
_b
_c
250 _a ed.
260 _a
_b
_c
300 _a19 p. :
_b
_c cm.
440 0 _a
500 _a
650 0 _a
_x
690 _a
700 1 _aMarende, Kenneth.
_@0000179827
908 _a110221
999 _c9097
_d9097